000 01039cam a22002894a 4500
001 13560040
003 OSt
005 20230703153335.0
008 040415s2004 enk b 001 0 eng
010 _a 2004048446
020 _a0754636402 (hardback : alk. paper)
040 _aDLC
_cDLC
_dDLC
042 _apcc
043 _af------
082 0 0 _a342.6
_bAKI
245 0 0 _aConstitutionalism and society in Africa /
_cedited by Okon Akiba.
260 _aAldershot, Hants, England ;
_aBurlington, VT :
_bAshgate,
_cc2004.
300 _axiii, 172 p. ;
_c25 cm.
440 0 _aContemporary perspectives on developing societies
504 _aIncludes bibliographical references and index.
650 0 _aConstitutional law
_zAfrica.
651 0 _aAfrica
_xPolitics and government
_y1960-
700 1 _aAkiba, Okon.
906 _a7
_bcbc
_corignew
_d1
_eocip
_f20
_gy-gencatlg
942 _2ddc
_cBK
999 _c3442
_d3442